College Quizbowl Stats
College Quizbowl Stats
Circuits
Seasons
Sets
Records
Detailed Stats
About
Loading...
2023 BHSU @ Northwestern
Tossups
Bonuses
Players
Teams
Categories (Tossup)
Categories (Bonus)
Adam Monusko
Michigan
Categories
Category
Powers
Gets
Negs
BBs
Points
Earliest Buzz
Avg. Buzz
First Buzzes
Top 3 Buzzes
History - Other History
0
1
0
1
10
116
116.00
0
0
Science - Physics
0
1
0
0
10
91
91.00
0
1
Thought - Social Science
0
1
0
0
10
122
122.00
0
0
Science - Biology
0
0
0
0
0
0.00
0
0
Buzzes
Category
Answer
Value
Buzz Position
Science - Physics
d'Alembertian
10
91
History - Other History
Kingdom of Italy
10
116
Thought - Social Science
the English working class
10
122
Science - Biology
dose
0
138
Previous
1
Next